All British Colonies Quiz - Statistics

General Stats
  • This quiz has been taken 117 times
  • The average score is 29 of 62
Answer Stats
Type of state Country Continent % Correct
Dominion Canada North America
91%
Dominion India Asia
89%
Dominion Union of South Africa Africa
84%
Dominion Australia Oceania
81%
Protectorate Egypt Africa
80%
Dominion New Zealand Oceania
77%
Colony Nigeria Africa
72%
Colony Cyprus Europe / Asia
70%
Protectorate Kenya Africa
68%
Colony Hong Kong Asia
67%
Colony Guyana South America
65%
Dependent mandate Iraq Asia
65%
Colony Jamaica North America
65%
Colony Bahamas North America
62%
Colony Honduras North America
62%
Colony Malta Europe
62%
Colony Uganda Africa
62%
Colony Burma Asia
61%
Colony Malaya Asia
61%
Dependent mandate Palestine Asia
58%
Colony Gibraltar Europe
57%
Colony Gambia Africa
54%
Colony Trinidad and Tobago North America
54%
Protectorate Oman Asia
53%
Protectorate Sierra Leone Africa
53%
Dominion Anglo-Egyptian Sudan Africa
49%
Protectorate Kuwait Asia
49%
Colony Barbados North America
48%
Protectorate Swaziland Africa
48%
Protectorate Qatar Asia
47%
Protectorate Bahrain Asia
46%
Colony Gold Coast Africa
46%
Protectorate Brunei Asia
43%
Colony Mauritius Africa
43%
Protectorate Zanzibar Africa
42%
Colony Cameroon Africa
41%
Colony Falklands South America
41%
Protectorate Maldives Asia
41%
Colony Tanganyika Africa
41%
Colony Bermuda North America
39%
Colony Saint Kitts and Nevis North America
39%
Protectorate Somaliland Africa
39%
Colony Ceylon Asia
37%
Dominion Newfoundland North America
37%
Protectorate Bhutan Asia
35%
Protectorate Aden Asia
32%
Protectorate Transjordan Asia
30%
Protectorate Northern Rhodesia Africa
29%
Protectorate Nyasaland Africa
29%
Colony Southern Rhodesia Africa
29%
Protectorate Bechuanaland Africa
27%
Protectorate Trucial States Asia
25%
Colony Basutoland Africa
24%
Colony South West Africa Africa
20%
Dependent territory British Antarctic Territory Antarctica
19%
Colony Windward Islands North America
15%
Colony Leeward Islands North America
14%
Protectorate North Borneo Asia
14%
Dependent territory British Indian Ocean Territory Asia / Africa / Oceania
13%
Colony Suez Canal Africa / Asia
8%
Dependent territory Weihaiwei Asia
6%
Dependent territory British Western Pacific Territory Oceania
1%
No matching quizzes found
Score Distribution
Percent of People with Each Score
Percentile by Number Answered
Your Score History
You have not taken this quiz